急行が停車する駅サドンデス - Statistics

General Stats
  • This quiz has been taken 692 times
    344 since last reset
  • The average score is 5 of 31
Answers on the Grid
Answers color-coded by a green-red scale on the quiz's grid according to % correct below.
浅草(東武)
栃木
梅郷
朝霞
練馬(西武)
西所沢
吾野
花小金井
東府中
狭間
若葉台
高井戸
経堂
片瀬江ノ島
学芸大学
中延(東急)
立会川
京急新子安
能見台
汐入
明治神宮前
東新宿
九段下(都営)
住吉(都営)
豊川稲荷
三柿野
寺本
上ゲ
藤浪
桜町前
印場
瀬戸市役所前
富吉
江戸橋
高安
西青山
石切
八木西口
道明寺
橿原神宮西口
羽倉崎
和歌山港
関西空港(南海)
中百舌鳥(南海)
萱島
枚方公園
伏見稲荷
中之島
西京極
天神橋筋六丁目
蛍池
春日野道(阪急)
野田(阪神)
魚崎(阪神)
神鉄六甲
三木
松江フォーゲルパーク
浜山公園北口
白木原
西鉄五条
 
Answer Stats
Answer % Correct
経堂
40%
西所沢
38%
朝霞
37%
栃木
36%
学芸大学
33%
明治神宮前
30%
立会川
28%
花小金井
27%
片瀬江ノ島
24%
東府中
21%
豊川稲荷
21%
梅郷
15%
能見台
14%
野田(阪神)
14%
江戸橋
13%
西青山
13%
石切
11%
蛍池
11%
瀬戸市役所前
10%
枚方公園
10%
魚崎(阪神)
10%
上ゲ
9%
伏見稲荷
8%
寺本
7%
八木西口
7%
和歌山港
7%
桜町前
6%
西京極
6%
春日野道(阪急)
5%
西鉄五条
3%
浜山公園北口
1%
No matching quizzes found
Score Distribution
Percent of People with Each Score
Percentile by Number Answered
Your Score History
You have not taken this quiz since the last reset